| 000 | 01150nam2a22002531 4500 | ||
|---|---|---|---|
| 001 | RU\NLR\INFOCOMM7\1000037617 | ||
| 005 | 20250617070431.0 | ||
| 035 | _a(NLR Aleph) 002540010 | ||
| 090 |
_a2925769 _c2925769 |
||
| 100 | _a20040512d1964 |||y0rusy50 ca | ||
| 101 | 0 | _arus | |
| 102 | _aRU | ||
| 105 | _ay ||||||||| | ||
| 200 | 1 |
_aНаставление по сбору и изучению палеозойских кораллов _fТ.А. Добролюбова и др. |
|
| 210 |
_d1964 _aБ. м. |
||
| 461 | 0 |
_1001RU\NLR\INFOCOMM7\1000037609 _12001#$aНаставления по сбору и изучению ископаемых органических остатков$fАН СССР. Палеонтол. ин-т$v9 _92925699 _cМ. _d1953- _fАН СССР. Палеонтол. ин-т _nНаука _tНаставления по сбору и изучению ископаемых органических остатков _v9 |
|
| 700 | 1 |
_aДобролюбова _bТ.А. _4070 |
|
| 801 | 1 |
_aRU _bInfoComm _c20040512 |
|
| 801 | 0 |
_aRU _bNLR _gPSBO |
|
| 852 |
_aNLR _bПл02 _jГ-4/56 |
||
| 942 | _cISSUE | ||
| 980 | _aNB | ||
| 980 | _aRUSPER | ||